Predicate calculus and program semantics /

Uložené v:
Podrobná bibliografia
Hlavní autori: Dijkstra, Edsger W (Autor), Scholten, Carel S (Autor)
Médium: Kniha
Jazyk:English
Vydavateľské údaje: New York : Springer Verlag, 1990
Edícia:Texts and Monographs in Computer Science
Tagy: Pridať tag
Žiadne tagy, Buďte prvý, kto otaguje tento záznam!

MARC

LEADER 00000nam a22000003a 4500
001 stu154
005 20150617225622.4
008 910402s1990----xxu-----------------eng-d
020 |a 0-387-96957-8 
040 |a STU  |b slo 
041 0 |a eng 
044 |a xxu 
080 |a 510.635 
080 |a 519.68 
100 1 |a Dijkstra, Edsger W  |4 aut 
245 1 |a Predicate calculus and program semantics /  |c [aut.] Dijkstra,Edsger W.; Scholten,Carel S 
260 |a New York :  |b Springer Verlag,  |c 1990 
300 |a 220 s 
700 1 |a Scholten, Carel S  |4 aut 
830 0 |a Texts and Monographs in Computer Science 
996 |b 284IK06225  |c I*16PJ4513  |l II680  |s A  |a 24  |w stu154_0001